Car suspension and handling (Record no. 63873)

000 -LEADER
fixed length control field 00567nam a22001937a 4500
003 - CONTROL NUMBER IDENTIFIER
control field NUST - PNEC
005 - DATE AND TIME OF LATEST TRANSACTION
control field 20170116180826.0
008 - FIXED-LENGTH DATA ELEMENTS--GENERAL INFORMATION
fixed length control field 150703b xxu||||| |||| 00| 0 eng d
020 ## - INTERNATIONAL STANDARD BOOK NUMBER
International Standard Book Number 072730318X
040 ## - CATALOGING SOURCE
Transcribing agency LIBRARY
082 ## - DEWEY DECIMAL CLASSIFICATION NUMBER
Classification number 629.243 BAS
100 ## - MAIN ENTRY--PERSONAL NAME
9 (RLIN) 4343
Personal name Bastow, Donald
245 ## - TITLE STATEMENT
Title Car suspension and handling
Statement of responsibility, etc. Donald Bastow
250 ## - EDITION STATEMENT
Edition statement 3rd ed
260 ## - PUBLICATION, DISTRIBUTION, ETC.
Place of publication, distribution, etc. London
Name of publisher, distributor, etc. Society of Automotive Engineers Inc
Date of publication, distribution, etc. c1987.
300 ## - PHYSICAL DESCRIPTION
Extent 362 p. :
650 ## - SUBJECT ADDED ENTRY--TOPICAL TERM
9 (RLIN) 4347
Topical term or geographic name entry element Automobiles--Springs and suspension--Design and construction
General subdivision MIS / ME
942 ## - ADDED ENTRY ELEMENTS (KOHA)
Source of classification or shelving scheme
Koha item type Book
Holdings
Withdrawn status Lost status Source of classification or shelving scheme Damaged status Not for loan Permanent Location Current Location Shelving location Date acquired Source of acquisition Cost, normal purchase price Total Checkouts Full call number Barcode Date last seen Cost, replacement price Price effective from Koha item type
          Pakistan Navy Engineering College (PNEC) Pakistan Navy Engineering College (PNEC)   12/03/1997 Library / Reference Grant 675.00   629.243 BAS PNECLIB-019546 07/03/2015 675.00 12/03/1997 Book
© 2023 Central Library, National University of Sciences and Technology. All Rights Reserved.